000 00666nam a22002297a 4500
001 61129
003 UA-OsUOA
005 20230419164111.0
007 ta
008 20090616b un ||||| |||| 00| 0 ukr d
020 _a978-966-346-552-4
040 _aUA-OsUOA
_brus
_cUA-OsUOA
_dUA-OsUOA
041 _arus
080 _a330.1(075.8)
090 _a330.1(075.8)
_bЕ45
245 _aЕкономическая теория. Политекономия
_bучебник
_cза ред. В. Д. Базилевича
260 _aК.
_bЗнання
_c2009
300 _a870 с.
650 7 _a330 Економіка взагалі
_2UDC
942 _cBK
_2udc
955 _a2
999 _c346940
_d346940